000 00358nam a22001337a 4500
005 20260225160832.0
020 _a978-81-970372-1-4
082 _a623.89REG/M
245 _aMarine Navigation and Safety of Sea Transportation/
_ced by Walnes Rego
260 _a.-Newdelhi
_b:DPH
_c,2025
300 _a260p
700 _aRego,Walnes ed
_910981
942 _2ddc
_cBK
999 _c757052
_d757052